[Event "World Rapid 2019"]
[Site "Moscow RUS"]
[Date "2019.12.28"]
[Round "12.37"]
[White "Zhigalko, Sergei"]
[Black "Kobalia, Mikhail"]
[Result "1/2-1/2"]
[WhiteTitle "GM"]
[BlackTitle "GM"]
[WhiteElo "2571"]
[BlackElo "2609"]
[WhiteFideId "13502956"]
[BlackFideId "4119150"]
[EventDate "2019.12.26"]

1. e4 c6 2. d4 d5 3. e5 Bf5 4. Nf3 e6 5. Be2 Ne7 6. O-O c5 7. dxc5 Nec6 8. Be3
Nd7 9. c4 dxc4 10. Na3 Bxc5 11. Nxc4 O-O 12. Qc1 Qe7 13. Rd1 Bxe3 14. Qxe3 Rfd8
15. h3 Bg6 16. Rac1 Bh5 17. a3 h6 18. b4 a6 19. g4 Bg6 20. Rd2 Bh7 21. Rcd1 Nf8
22. Rd6 f6 23. exf6 Qxf6 24. Nfe5 Nxe5 25. Nxe5 Rxd6 26. Rxd6 Rc8 27. Bc4 Kh8
28. a4 Bg8 29. Bd3 Bh7 30. Bc4 Bg8 31. Qe4 Bh7 32. Qd4 Bg8 33. Bd3 Bh7 34. Bxh7
Kxh7 35. Qe4+ Kg8 36. Kg2 Rc3 37. Rb6 Qh4 38. Nf3 Qf6 39. Ne5 Qh4 40. Nf3 Qf6
41. Rxb7 Ng6 42. Rb8+ Kh7 43. Ng1 Qf4 44. Qxf4 Nxf4+ 45. Kh2 g5 46. Rb6 Rc2 47.
Rxa6 Rxf2+ 48. Kh1 Rb2 49. b5 e5 50. Ra8 Rb1 51. Kh2 Rb2+ 52. Kh1 Rb1 53. Kh2
Rb2+ 54. Kh1 Rb1 1/2-1/2

[Event "World Rapid 2019"]
[Site "Moscow RUS"]
[Date "2019.12.28"]
[Round "12.38"]
[White "Belov, Vladimir"]
[Black "Socko, Bartosz"]
[Result "0-1"]
[WhiteTitle "GM"]
[BlackTitle "GM"]
[WhiteElo "2598"]
[BlackElo "2618"]
[WhiteFideId "4132394"]
[BlackFideId "1107038"]
[EventDate "2019.12.26"]

1. e4 e6 2. d4 d5 3. Nc3 Bb4 4. e5 Ne7 5. a3 Bxc3+ 6. bxc3 c5 7. Qg4 Kf8 8. a4
Qc7 9. Bd2 cxd4 10. cxd4 Qxc2 11. Nf3 Nbc6 12. Bb5 Qe4+ 13. Qxe4 dxe4 14. Ng5
Nxd4 15. O-O Nxb5 16. axb5 Nd5 17. Nxe4 Bd7 18. Nd6 f6 19. Ra3 fxe5 20. Rfa1 Ke7
21. Nxb7 Bxb5 22. Rxa7 Rxa7 23. Rxa7 Kf6 24. Nc5 Rc8 25. Ne4+ Kg6 26. h4 Bd3 27.
h5+ Kxh5 28. Rxg7 Bxe4 29. Rg5+ Kh4 30. Kh2 Bxg2 31. Kxg2 Rc2 32. Rxe5 Rxd2 33.
Kf3 Nf6 34. Rxe6 Ng4 0-1

[Event "World Rapid 2019"]
[Site "Moscow RUS"]
[Date "2019.12.28"]
[Round "12.39"]
[White "Utegaliyev, Azamat"]
[Black "Laznicka, Viktor"]
[Result "1-0"]
[BlackTitle "GM"]
[WhiteElo "2502"]
[BlackElo "2648"]
[WhiteFideId "13702467"]
[BlackFideId "316385"]
[EventDate "2019.12.26"]

1. e4 d5 2. Nc3 dxe4 3. Nxe4 Bf5 4. Ng3 Bg6 5. Nf3 Nd7 6. d4 e6 7. Bd3 Ngf6 8.
O-O c5 9. c3 cxd4 10. Nxd4 Bc5 11. Nb3 Bb6 12. Bf4 Nd5 13. Bd6 Bc7 14. c4 Nf4
15. Bxg6 hxg6 16. h3 Nf6 17. Ba3 Qd7 18. Qxd7+ Kxd7 19. Rfd1+ Kc8 20. Nd4 a6 21.
Nf3 Ne8 22. Ne4 f6 23. h4 e5 24. g3 Ne6 25. Rd5 b6 26. c5 bxc5 27. Nxc5 Nxc5 28.
Bxc5 Rb8 29. b4 e4 30. Nd4 Rb7 31. Rc1 Rh5 32. Rxh5 gxh5 33. Re1 Nd6 34. Ne6 Bb8
35. Nf4 f5 36. Nxh5 Nc4 37. Rc1 Ne5 38. Bd6+ Kd8 39. Bxb8 Rxb8 40. Nxg7 Nd3 41.
Rc2 f4 42. Ne6+ Ke7 43. Nxf4 Nxf4 44. gxf4 Rxb4 45. Kg2 Rb6 46. h5 Rb5 47. Rc7+
Kf8 48. h6 Kg8 49. Ra7 Ra5 50. Rg7+ Kh8 51. a4 Rh5 52. Rg6 Ra5 53. Kg3 Kh7 54.
f5 Rxa4 55. Kf4 Ra2 56. Rg2 Rb2 57. f6 Rb8 58. Ke5 Kxh6 59. f7 Rb5+ 60. Kd6 Rb6+
61. Ke5 Rb5+ 62. Kxe4 Rb4+ 63. Ke3 Rb3+ 64. Ke2 Rb2+ 65. Kd1 1-0

[Event "World Rapid 2019"]
[Site "Moscow RUS"]
[Date "2019.12.28"]
[Round "12.41"]
[White "Chigaev, Maksim"]
[Black "Indjic, Aleksandar"]
[Result "1/2-1/2"]
[WhiteTitle "GM"]
[BlackTitle "GM"]
[WhiteElo "2631"]
[BlackElo "2619"]
[WhiteFideId "4108116"]
[BlackFideId "911925"]
[EventDate "2019.12.26"]

1. e4 c5 2. Nf3 d6 3. d4 cxd4 4. Qxd4 a6 5. h3 Nf6 6. Be2 Nbd7 7. O-O Qc7 8. c4
e6 9. Nc3 Be7 10. b3 b6 11. Rd1 Bb7 12. Ba3 Nc5 13. e5 dxe5 14. Qxe5 Qc8 15. Na4
Qc6 16. Nxc5 bxc5 17. Bb2 O-O 18. Qg3 Rad8 19. Ne5 Qc7 20. Ng6 Bd6 21. Rxd6 Qxd6
22. Be5 Qd2 23. Nxf8 Kxf8 24. Rd1 Qa5 25. Rxd8+ Qxd8 26. Bd6+ Kg8 27. Bxc5 Ne4
28. Qe3 Qa5 29. Bb6 Qxa2 30. Qd4 h6 31. Bd3 Qa3 32. Qd8+ Qf8 33. Qxf8+ Kxf8 34.
f3 Nf6 35. Kf2 Ke7 36. Bc5+ Kd7 37. Bf8 Ne8 38. b4 h5 39. h4 g6 40. Ke3 e5 41.
b5 axb5 42. cxb5 Nc7 43. Bc5 Ne6 44. Ba7 Nf4 45. Bf1 f6 46. Kd2 g5 47. Bf2 Kd6
48. hxg5 1/2-1/2

[Event "World Rapid 2019"]
[Site "Moscow RUS"]
[Date "2019.12.28"]
[Round "12.42"]
[White "Shimanov, Aleksandr"]
[Black "Sakaev, Konstantin"]
[Result "1-0"]
[WhiteTitle "GM"]
[BlackTitle "GM"]
[WhiteElo "2587"]
[BlackElo "2596"]
[WhiteFideId "4198603"]
[BlackFideId "4104226"]
[EventDate "2019.12.26"]

1. e4 c5 2. Nc3 d6 3. Bb5+ Bd7 4. Bxd7+ Qxd7 5. d4 cxd4 6. Qxd4 Nc6 7. Qd3 g6 8.
Nf3 Bg7 9. O-O Nf6 10. Nd5 O-O 11. Bg5 Nxd5 12. exd5 Ne5 13. Nxe5 Bxe5 14. Rae1
Rfe8 15. c3 Rac8 16. f4 Bf6 17. h4 Qa4 18. a3 Bxg5 19. hxg5 Qc4 20. Qf3 Rc5 21.
Rd1 Qb5 22. f5 Rf8 23. fxg6 hxg6 24. Rf2 Qb3 25. Rd3 Qb5 26. Rd4 Qd7 27. Rf4 Qe8
28. Qh3 Rxd5 29. Rh4 f5 30. Rh7 1-0

[Event "World Rapid 2019"]
[Site "Moscow RUS"]
[Date "2019.12.28"]
[Round "12.43"]
[White "Adly, Ahmed"]
[Black "Petrosyan, Manuel"]
[Result "0-1"]
[WhiteTitle "GM"]
[BlackTitle "GM"]
[WhiteElo "2607"]
[BlackElo "2613"]
[WhiteFideId "10601619"]
[BlackFideId "13300857"]
[EventDate "2019.12.26"]

1. d4 Nf6 2. Nf3 d5 3. g3 c6 4. Bg2 Bf5 5. O-O h6 6. c4 e6 7. Nc3 Nbd7 8. Qb3
Qb6 9. c5 Qc7 10. Bf4 Qc8 11. Ne5 Be7 12. Nxd7 Qxd7 13. h3 O-O 14. g4 Bg6 15. a4
h5 16. f3 b6 17. cxb6 axb6 18. Qxb6 Bd6 19. Bxd6 Qxd6 20. Qc5 Qxc5 21. dxc5 Rfb8
22. a5 Nd7 23. f4 hxg4 24. hxg4 Bc2 25. e3 Nxc5 26. Rf2 Bd3 27. f5 Nb3 28. Rd1
Bc4 29. fxe6 fxe6 30. Ne2 Bxe2 31. Rxe2 Rxa5 32. Rc2 Ra6 33. e4 Rab6 34. exd5
cxd5 35. g5 Kf7 36. Rc7+ Kg6 37. Bh3 Rh8 38. Bf1 Kxg5 39. Rxg7+ Kf6 40. Rc7 Rg8+
41. Kf2 Rb4 42. Rc3 Nd4 43. Ke1 Rgb8 44. Rd2 Ke5 45. Re3+ Kf4 46. Kf2 Rxb2 47.
Rd3 Rxd2+ 48. Rxd2 Rb4 49. Bg2 Rc4 50. Kg1 Nf3+ 51. Bxf3 Kxf3 52. Rd3+ Ke4 53.
Rh3 Rc1+ 54. Kf2 Rc2+ 55. Ke1 d4 56. Kd1 Ra2 57. Rh4+ Kd5 58. Rh5+ e5 59. Rg5 d3
60. Rg4 e4 61. Rg8 Kd4 62. Rd8+ Ke3 63. Kc1 Rc2+ 64. Kd1 Rh2 65. Kc1 Rh1+ 66.
Kb2 d2 0-1

[Event "World Rapid 2019"]
[Site "Moscow RUS"]
[Date "2019.12.28"]
[Round "12.44"]
[White "Andriasian, Zaven"]
[Black "Nihal, Sarin"]
[Result "0-1"]
[WhiteTitle "GM"]
[BlackTitle "GM"]
[WhiteElo "2611"]
[BlackElo "2612"]
[WhiteFideId "13302000"]
[BlackFideId "25092340"]
[EventDate "2019.12.26"]

1. e4 c5 2. Nf3 e6 3. d3 Nc6 4. g3 d5 5. Nbd2 Nf6 6. Bg2 Be7 7. O-O O-O 8. Re1
b5 9. h4 Qc7 10. Qe2 Bb7 11. e5 Nd7 12. Nf1 Rfc8 13. N1h2 Nd4 14. Qd1 Nxf3+ 15.
Nxf3 d4 16. Bf4 a5 17. h5 h6 18. Nd2 Bxg2 19. Kxg2 Nb6 20. Qg4 Kh7 21. Ne4 Nd5
22. Kh2 Qd7 23. Qf3 Rf8 24. c4 dxc3 25. bxc3 Rac8 26. Rad1 b4 27. c4 Nxf4 28.
gxf4 f5 29. exf6 Bxf6 30. Ng3 Bd4 31. Qg4 Bxf2 32. Rxe6 Rf6 33. f5 Bxg3+ 34.
Kxg3 Rcf8 35. Kh2 Rxf5 36. Rg1 Rxh5+ 37. Qxh5 Qxe6 38. Qxc5 Rf3 39. Rg3 Qe2+ 40.
Rg2 Qxd3 41. Qe5 Rh3+ 42. Kg1 Qd1+ 0-1

[Event "World Rapid 2019"]
[Site "Moscow RUS"]
[Date "2019.12.28"]
[Round "12.45"]
[White "Sadhwani, Raunak"]
[Black "Alonso Rosell, Alvar"]
[Result "1-0"]
[WhiteTitle "IM"]
[BlackTitle "GM"]
[WhiteElo "2507"]
[BlackElo "2548"]
[WhiteFideId "35093487"]
[BlackFideId "2270544"]
[EventDate "2019.12.26"]

1. c4 e6 2. Nf3 d5 3. g3 Nf6 4. Bg2 d4 5. O-O c5 6. e3 Nc6 7. exd4 cxd4 8. d3
Bd6 9. Na3 O-O 10. Nc2 e5 11. b3 a5 12. Re1 Re8 13. a3 h6 14. Rb1 Rb8 15. Nd2
Bg4 16. Bf3 Bf5 17. Ne4 Nxe4 18. dxe4 Be6 19. Be2 f5 20. Bd3 f4 21. b4 axb4 22.
axb4 fxg3 23. hxg3 b6 24. Bd2 Rf8 25. Qe2 Qf6 26. Kg2 h5 27. f3 g5 28. Rh1 h4
29. gxh4 gxh4 30. Rbg1 h3+ 31. Kf1+ Kf7 32. f4 exf4 33. e5 Qxe5 34. Qf3 Ne7 35.
Rh2 Nf5 36. Re2 Qf6 37. Bxf5 Bxf5 38. Qd5+ Be6 39. Rxe6 Qxe6 40. Rg7+ Kxg7 41.
Qxe6 h2 42. Qg4+ Kf7 43. Qh5+ Ke7 44. Qxh2 d3 45. Qh7+ Rf7 46. Qe4+ Kf8 47. Nd4
Rf6 48. Ne6+ Kg8 49. Ng5 Rh6 50. Qd5+ 1-0

[Event "World Rapid 2019"]
[Site "Moscow RUS"]
[Date "2019.12.28"]
[Round "12.46"]
[White "Najer, Evgeniy"]
[Black "Suleymanli, Aydin"]
[Result "1-0"]
[WhiteTitle "GM"]
[BlackTitle "IM"]
[WhiteElo "2661"]
[BlackElo "2473"]
[WhiteFideId "4118987"]
[BlackFideId "13413937"]
[EventDate "2019.12.26"]

1. e4 c6 2. d4 d5 3. Nc3 dxe4 4. Nxe4 Bf5 5. Ng3 Bg6 6. h4 h6 7. Bd3 Bxd3 8.
Qxd3 Nf6 9. Bd2 Nbd7 10. O-O-O Qc7 11. N1e2 O-O-O 12. Kb1 e6 13. Rhe1 Bd6 14.
Ne4 Nxe4 15. Qxe4 Rhe8 16. Qg4 Rg8 17. Nc1 Kb8 18. Nd3 e5 19. dxe5 Nxe5 20. Nxe5
Bxe5 21. Be3 Rxd1+ 22. Rxd1 Rd8 23. h5 Rxd1+ 24. Qxd1 Qd6 25. Qxd6+ Bxd6 26. c3
Kc7 27. Kc2 a6 28. Kd3 Kd7 29. Ke4 Ke6 30. g4 f6 31. Bb6 Be7 32. b4 Bd6 33. f4
Be7 34. Bc5 Bxc5 35. bxc5 f5+ 36. gxf5+ Kf6 37. a3 a5 38. a4 Kf7 39. Ke5 Ke7 40.
f6+ 1-0

[Event "World Rapid 2019"]
[Site "Moscow RUS"]
[Date "2019.12.28"]
[Round "12.47"]
[White "Jumabayev, Rinat"]
[Black "Popov, Ivan RUS"]
[Result "1-0"]
[WhiteTitle "GM"]
[BlackTitle "GM"]
[WhiteElo "2646"]
[BlackElo "2636"]
[WhiteFideId "13702661"]
[BlackFideId "4170350"]
[EventDate "2019.12.26"]

1. d4 d5 2. c4 dxc4 3. Nf3 Nf6 4. e3 c5 5. Bxc4 cxd4 6. exd4 e6 7. O-O Be7 8.
Nc3 O-O 9. Qe2 a6 10. Rd1 b5 11. Bb3 Bb7 12. Ne5 b4 13. Na4 Nbd7 14. Bg5 h6 15.
Nxd7 Nxd7 16. Bxe7 Qxe7 17. d5 e5 18. d6 Qg5 19. Bd5 Bxd5 20. Rxd5 Rfc8 21. b3
Rc1+ 22. Rxc1 Qxc1+ 23. Rd1 Qc6 24. Nb2 f6 25. h4 Rd8 26. Nc4 Nb6 27. Na5 Qb5
28. Qxb5 axb5 29. Nb7 Rd7 30. Nc5 Rd8 31. d7 Kf7 32. Rd6 Na8 33. Rc6 Ke7 34. h5
Rxd7 35. Nxd7 Kxd7 36. Ra6 Nc7 37. Rb6 1-0

[Event "World Rapid 2019"]
[Site "Moscow RUS"]
[Date "2019.12.28"]
[Round "12.48"]
[White "Salgado Lopez, Ivan"]
[Black "Zvjaginsev, Vadim"]
[Result "1/2-1/2"]
[WhiteTitle "GM"]
[BlackTitle "GM"]
[WhiteElo "2605"]
[BlackElo "2627"]
[WhiteFideId "2257327"]
[BlackFideId "4113403"]
[EventDate "2019.12.26"]

1. e4 d6 2. d4 Nf6 3. Bd3 e5 4. Nf3 exd4 5. Nxd4 g6 6. O-O Bg7 7. Nc3 O-O 8. Bg5
h6 9. Bh4 Nc6 10. Nxc6 bxc6 11. f4 Rb8 12. Rb1 Qd7 13. f5 g5 14. Bg3 Qe7 15. h4
Nd7 16. hxg5 Qxg5 17. Ne2 Ne5 18. Bf4 Qh4 19. Bg3 Qg5 20. Bf4 Qh4 21. Bg3 Qg5
22. Bf4 1/2-1/2

[Event "World Rapid 2019"]
[Site "Moscow RUS"]
[Date "2019.12.28"]
[Round "12.49"]
[White "Jakovenko, Dmitry"]
[Black "Bosiocic, Marin"]
[Result "1-0"]
[WhiteTitle "GM"]
[BlackTitle "GM"]
[WhiteElo "2698"]
[BlackElo "2623"]
[WhiteFideId "4122356"]
[BlackFideId "14507927"]
[EventDate "2019.12.26"]

1. e4 c5 2. Nf3 d6 3. d4 cxd4 4. Nxd4 Nf6 5. Nc3 a6 6. f3 e5 7. Nb3 Be6 8. Be3
h5 9. Qd2 Nbd7 10. Nd5 Bxd5 11. exd5 g6 12. O-O-O Bg7 13. Kb1 O-O 14. h3 b5 15.
g4 Qc7 16. g5 Nh7 17. Qf2 Rfc8 18. Bd3 a5 19. Nd2 Nc5 20. Bxc5 Qxc5 21. Qxc5
Rxc5 22. Ne4 Rxd5 23. Be2 Rd4 24. c3 Rxd1+ 25. Rxd1 Bf8 26. Bxb5 h4 27. a4 Be7
28. Bc4 Kg7 29. Kc2 Ra7 30. Rd5 Bxg5 31. Rxd6 Be7 32. Ra6 Rxa6 33. Bxa6 f5 34.
Nd2 Kf6 35. Bf1 Kg5 36. Nc4 Kf4 37. Nxa5 Kxf3 38. Nc6 Bd6 39. a5 Nf6 40. b4 Nd5
41. Bc4 Nc7 42. b5 g5 43. b6 g4 44. bxc7 Bxc7 45. a6 Bb6 46. Nxe5+ Kf4 47. Nd7
Ba7 48. Bd5 Ke3 49. c4 f4 50. c5 f3 51. c6 g3 52. c7 g2 53. c8=Q 1-0

[Event "World Rapid 2019"]
[Site "Moscow RUS"]
[Date "2019.12.28"]
[Round "12.50"]
[White "Piorun, Kacper"]
[Black "Meier, Georg"]
[Result "0-1"]
[WhiteTitle "GM"]
[BlackTitle "GM"]
[WhiteElo "2611"]
[BlackElo "2626"]
[WhiteFideId "1130420"]
[BlackFideId "4675789"]
[EventDate "2019.12.26"]

1. c4 b6 2. Nc3 Bb7 3. e4 e5 4. g3 Nc6 5. Bg2 Bc5 6. d3 d6 7. a3 a5 8. Nge2 Nge7
9. Na4 Qd7 10. Nxc5 dxc5 11. Nc3 Nd4 12. Nd5 Nxd5 13. cxd5 c6 14. dxc6 Bxc6 15.
a4 O-O 16. O-O b5 17. axb5 Bxb5 18. b3 Rfd8 19. Be3 Qe6 20. Bxd4 Rxd4 21. Qc1
Bxd3 22. Rd1 c4 23. bxc4 Bxc4 24. Rxd4 exd4 25. Ra4 Bb3 26. Rxd4 a4 27. e5 Rc8
28. Qd2 g6 29. Rd8+ Rxd8 30. Qxd8+ Kg7 31. Qa5 Qe7 32. Qc3 Be6 33. Be4 a3 34.
Bb1 Qa7 35. Qf3 Qe7 36. Qe2 Qb4 37. Ba2 Bxa2 0-1

[Event "World Rapid 2019"]
[Site "Moscow RUS"]
[Date "2019.12.28"]
[Round "12.51"]
[White "Khusnutdinov, Rustam"]
[Black "Golubov, Saveliy"]
[Result "1/2-1/2"]
[WhiteTitle "GM"]
[BlackTitle "IM"]
[WhiteElo "2491"]
[BlackElo "2469"]
[WhiteFideId "13701703"]
[BlackFideId "24176729"]
[EventDate "2019.12.26"]

1. e4 g6 2. d4 Bg7 3. Nc3 d6 4. Bg5 h6 5. Bh4 c6 6. Qd2 b5 7. f4 b4 8. Nd1 Nf6
9. Nf2 O-O 10. Qxb4 c5 11. dxc5 Na6 12. Bxa6 Bxa6 13. cxd6 Rb8 14. dxe7 Rxb4 15.
exd8=Q Rxd8 16. Rd1 Rxd1+ 17. Kxd1 Rxb2 18. Kd2 Rxa2 19. Nf3 Nd7 20. Rb1 Nb6 21.
e5 Ra4 22. Nd3 Bf8 23. Bf2 Nc4+ 24. Kc3 Na3 25. Rb8 Kg7 26. Kb3 Ra5 27. Rxf8
Bxd3 28. Rc8 Bxc2+ 29. Kc3 Bf5 30. Rb8 Nb5+ 31. Kb4 Ra2 32. Bh4 Rb2+ 33. Kc5
Rc2+ 34. Kb4 Rb2+ 35. Kc5 Rc2+ 36. Kd5 Be6+ 37. Ke4 g5 38. fxg5 Rc4+ 39. Ke3 Nc3
40. gxh6+ Kxh6 41. Rh8+ Kg6 42. Rg8+ Kh7 43. Rd8 Nd5+ 44. Kf2 Rc2+ 45. Kg3 Ne3
46. Ng5+ Kh6 47. Nxe6 fxe6 48. Kf3 Nf5 49. Be1 Ne7 50. Rd6 Nc6 51. Rxe6+ Kg5 52.
Re8 a5 53. h4+ Kg6 54. g4 a4 55. h5+ Kf7 56. Ra8 Nxe5+ 57. Kg3 Rc4 58. Ra7+ Kg8
59. h6 Rxg4+ 60. Kh3 Rg6 61. h7+ Kh8 62. Bc3 Rh6+ 63. Kg3 Rxh7 64. Bxe5+ Kg8 65.
Rxa4 Kf7 66. Ra6 Ke8 67. Ra8+ Kf7 68. Kf4 Rh5 69. Ke4 Rg5 70. Kd5 Kg6 71. Ke6
Rg4 72. Rb8 Rg5 73. Bf6 Rg4 74. Rb6 Re4+ 75. Be5 Rg4 76. Rb1 Rg5 77. Bf4 Rg2 78.
Re1 Rg4 79. Ke5 Rg2 80. Be3 Rg3 81. Kf4 Rg2 82. Ra1 Re2 83. Ra6+ Kf7 84. Bd4 Re6
85. Ra5 Rd6 86. Be5 Rd7 87. Kf5 Re7 88. Ra1 Rd7 89. Rh1 Re7 90. Bd6 Rd7 91. Rh7+
Ke8 92. Rh8+ Kf7 93. Rf8+ Kg7 94. Rf6 Rf7 1/2-1/2

[Event "World Rapid 2019"]
[Site "Moscow RUS"]
[Date "2019.12.28"]
[Round "12.52"]
[White "Can, Emre"]
[Black "Vitiugov, Nikita"]
[Result "0-1"]
[WhiteTitle "GM"]
[BlackTitle "GM"]
[WhiteElo "2600"]
[BlackElo "2747"]
[WhiteFideId "6302181"]
[BlackFideId "4152956"]
[EventDate "2019.12.26"]

1. e4 e6 2. d4 d5 3. Nd2 c5 4. exd5 Qxd5 5. dxc5 Nf6 6. Ngf3 Bxc5 7. Bc4 Qc6 8.
Qe2 O-O 9. O-O a6 10. Nb3 Bd6 11. Bg5 b5 12. Bd3 Nbd7 13. Rad1 Re8 14. Rfe1 Qc7
15. Bh4 Bb7 16. Bg3 Bxg3 17. hxg3 e5 18. Bf5 e4 19. Ng5 Nf8 20. Nd2 Re5 21. g4
Rae8 22. Nh3 g6 23. g5 e3 24. fxe3 Nd5 25. Be4 Rxe4 26. Nxe4 Rxe4 27. Qd3 Qe5
28. Rd2 Qg3 29. Rf2 Nxe3 30. Ree2 Qe5 31. Qc3 Qxc3 32. bxc3 Ne6 33. Rd2 Nd5 34.
Rf1 Rg4 35. Nf2 Rc4 36. Nd1 Nxg5 37. Re1 Re4 38. Rf1 f5 39. Nf2 Re7 40. c4 bxc4
41. Rb1 Nc3 42. Rb4 Bd5 43. Rb8+ Kg7 44. Rd8 Re1+ 45. Kh2 Rf1 46. Nh3 Nxh3 47.
Kxh3 Rh1+ 48. Kg3 Ne4+ 0-1

[Event "World Rapid 2019"]
[Site "Moscow RUS"]
[Date "2019.12.28"]
[Round "12.53"]
[White "Gajewski, Grzegorz"]
[Black "Sarana, Alexey"]
[Result "0-1"]
[WhiteTitle "GM"]
[BlackTitle "GM"]
[WhiteElo "2626"]
[BlackElo "2663"]
[WhiteFideId "1116207"]
[BlackFideId "24133795"]
[EventDate "2019.12.26"]

1. d4 Nf6 2. Nf3 e6 3. Bf4 c5 4. e3 Nc6 5. Nbd2 d5 6. c3 Bd6 7. Bg3 O-O 8. Bd3
Qe7 9. Ne5 Nd7 10. Nxc6 bxc6 11. Nf3 cxd4 12. cxd4 Bb4+ 13. Kf1 c5 14. Bh4 f6
15. Qc2 g5 16. Bg3 c4 17. Be2 a5 18. h4 g4 19. Nd2 Ba6 20. Nb1 f5 21. Nc3 Bd6
22. Bxd6 Qxd6 23. g3 Nf6 24. Kg2 Rfc8 25. Rhc1 Rab8 26. Rab1 Kg7 27. Qa4 Qb4 28.
Qd1 Qd6 29. Qa4 Qb4 30. Qd1 Rc6 31. Kg1 Qd6 32. Qa4 Rcb6 33. Qxa5 Rxb2 34. Rxb2
Rxb2 35. Rb1 Rxb1+ 36. Nxb1 Ne4 37. Kg2 Bc8 38. Bd1 Qb8 39. Bc2 Nd6 40. Nc3 Bd7
41. Qc5 Nf7 42. Qa3 Qb6 43. Ne2 Nd6 44. Nf4 Kf7 45. Qa8 Be8 46. a4 Ke7 47. a5
Qc7 48. a6 Qc6 49. Qa7+ Bd7 50. Qb8 Qxa6 51. Qh8 Qa2 52. Nh5 Ne8 53. Bxf5 exf5
54. Qxh7+ Kd8 55. Qg6 Qa5 56. Nf4 c3 57. h5 c2 58. Nd3 Qb5 59. Qg5+ Kc8 60. Nc1
Qb2 61. e4 Qxd4 62. h6 Qxe4+ 63. Kh2 f4 64. gxf4 Qf3 65. Kg1 Qd1+ 66. Kg2 Qxc1
67. Qe5 Qd2 68. h7 c1=Q 69. h8=Q Qc6 70. Kg3 Qd3+ 71. Kh4 Qh3+ 72. Kg5 Qxh8 73.
Qxh8 Qf6+ 0-1

[Event "World Rapid 2019"]
[Site "Moscow RUS"]
[Date "2019.12.28"]
[Round "12.54"]
[White "Ivanisevic, Ivan"]
[Black "Sethuraman, S.P."]
[Result "1/2-1/2"]
[WhiteTitle "GM"]
[BlackTitle "GM"]
[WhiteElo "2593"]
[BlackElo "2638"]
[WhiteFideId "912417"]
[BlackFideId "5021596"]
[EventDate "2019.12.26"]

1. c4 Nf6 2. Nc3 e5 3. Nf3 Nc6 4. g3 Bb4 5. Nd5 e4 6. Nh4 O-O 7. Bg2 d6 8. Nxb4
Nxb4 9. a3 Nc6 10. d3 exd3 11. Qxd3 Be6 12. O-O Ne5 13. Qc2 Nxc4 14. Bxb7 Rb8
15. Bg2 c5 16. b4 Qb6 17. Nf5 cxb4 18. axb4 Qxb4 19. Ne7+ Kh8 20. Nc6 Qb3 21.
Qxb3 Rxb3 22. Nd4 Rbb8 23. Rxa7 Bd5 24. f3 Ra8 25. Rxa8 Rxa8 26. Bg5 Nd7 27. e4
Bb7 28. Nf5 d5 29. Rb1 Ra7 30. Bf1 Nde5 31. Bxc4 Nxf3+ 32. Kg2 Nxg5 33. Bxd5 g6
34. Rxb7 Rxb7 35. Bxb7 gxf5 36. exf5 h6 37. h4 Nh7 38. Kf3 Kg7 39. Kf4 Nf6 40.
Bc6 Ng8 41. Ke5 Nf6 42. Bf3 Ne8 43. g4 Nf6 44. Kd6 Ng8 45. g5 hxg5 46. hxg5 f6
47. g6 Nh6 48. Ke6 Ng8 49. Bg4 Nh6 50. Bh3 Ng8 1/2-1/2

[Event "World Rapid 2019"]
[Site "Moscow RUS"]
[Date "2019.12.28"]
[Round "12.55"]
[White "Yanchenko, Roman"]
[Black "Gareyev, Timur"]
[Result "0-1"]
[WhiteTitle "FM"]
[BlackTitle "GM"]
[WhiteElo "2463"]
[BlackElo "2598"]
[WhiteFideId "4137329"]
[BlackFideId "14200937"]
[EventDate "2019.12.26"]

1. d4 Nf6 2. Nf3 e6 3. c4 b6 4. g3 Ba6 5. Qc2 c5 6. Bg2 Bb7 7. e3 cxd4 8. exd4
Bb4+ 9. Bd2 Bxd2+ 10. Qxd2 O-O 11. O-O d5 12. Ne5 Qe7 13. cxd5 Bxd5 14. Bxd5
Nxd5 15. Nc3 Nf6 16. Rac1 Na6 17. d5 Qd6 18. Nc4 Qb4 19. Ne3 Rad8 20. Qe2 Nc7
21. a3 Qb3 22. dxe6 Nxe6 23. Rfd1 Nd4 24. Qc4 Qxb2 25. Qa6 Ne4 26. Nxe4 Ne2+ 27.
Kg2 Nxc1 28. Rxd8 Rxd8 29. Qxa7 Qe5 30. Qb7 Qb8 31. Qa6 Qa8 32. Qc4 Rc8 33. Qd5
Nb3 34. Qf5 g6 35. Qd5 Nc5 36. Nf6+ Kg7 37. Qxa8 Rxa8 38. Nfd5 b5 39. Nc7 Rb8
40. Ned5 Ne6 41. Na6 Rc8 42. Nab4 Nd4 43. h3 h5 44. g4 h4 45. Nb6 Rc3 46. N4d5
Rxa3 47. Nd7 Ne6 48. Ne5 g5 49. Nf3 Rd3 0-1

[Event "World Rapid 2019"]
[Site "Moscow RUS"]
[Date "2019.12.28"]
[Round "12.57"]
[White "Khanin, Semen"]
[Black "Xu, Xiangyu"]
[Result "1/2-1/2"]
[WhiteTitle "IM"]
[BlackTitle "GM"]
[WhiteElo "2500"]
[BlackElo "2582"]
[WhiteFideId "4111990"]
[BlackFideId "8608288"]
[EventDate "2019.12.26"]

1. e4 e5 2. Nf3 Nf6 3. d4 Nxe4 4. Bd3 Nc6 5. dxe5 Nc5 6. Bc4 d6 7. exd6 Bxd6 8.
O-O O-O 9. Nc3 Bg4 10. h3 Bh5 11. Be3 Re8 12. Nb5 Ne4 13. Be2 Ne5 14. Nxd6 Qxd6
15. Qxd6 Nxd6 16. g4 Nxf3+ 17. Bxf3 Bg6 18. b3 a5 19. c4 Be4 20. Be2 Bc6 21.
Rac1 Re5 22. Rfd1 Rae8 23. Bf1 h5 24. c5 Ne4 25. Bg2 hxg4 26. hxg4 Nf6 27. Bd4
Re2 28. Bxf6 gxf6 29. Bxc6 bxc6 30. Rd7 R8e4 31. Rc4 Rxc4 32. bxc4 Re5 33. Kg2
Rxc5 34. Rd4 Re5 35. Kf3 Re1 36. Rd8+ Kg7 37. Ra8 Re5 1/2-1/2

[Event "World Rapid 2019"]
[Site "Moscow RUS"]
[Date "2019.12.28"]
[Round "12.58"]
[White "Sasikiran, Krishnan"]
[Black "Drygalov, Sergey"]
[Result "1/2-1/2"]
[WhiteTitle "GM"]
[BlackTitle "IM"]
[WhiteElo "2656"]
[BlackElo "2473"]
[WhiteFideId "5004985"]
[BlackFideId "24171743"]
[EventDate "2019.12.26"]

1. e4 c5 2. Nf3 d6 3. d4 cxd4 4. Nxd4 Nf6 5. Nc3 a6 6. Be2 e5 7. Nb3 Be7 8. O-O
O-O 9. Be3 Be6 10. Re1 Nbd7 11. a4 Rc8 12. Bf3 Qc7 13. a5 Qb8 14. Nd2 Bd8 15.
Nf1 b6 16. axb6 Bxb6 17. Qc1 Bd4 18. Rxa6 Nc5 19. Ra3 Bxc3 20. Rxc3 Nfxe4 21.
Bxe4 Nxe4 22. Rxc8 Rxc8 23. Ng3 Nxg3 24. hxg3 d5 25. c3 d4 26. Bd2 Bf5 27. Qa1
h6 28. cxd4 exd4 29. b4 Qb6 30. Rc1 Rxc1+ 31. Qxc1 Bd7 32. Qc4 Bb5 33. Qc8+ Kh7
34. Qf5+ Kg8 35. g4 d3 36. g5 hxg5 37. Qxg5 Qc6 38. Qd8+ Qe8 39. Qxe8+ Bxe8 40.
f3 f5 41. Kf2 Kf7 42. Ke3 Ke6 43. Kd4 Kd6 44. Bf4+ Kc6 45. Bd2 Bd7 46. Kc4 Be6+
47. Kxd3 Kd5 48. Bg5 Bd7 49. Ke3 Bb5 50. Kf4 Bf1 51. g3 g6 52. Bd8 Kc4 53. Be7
Be2 54. Ke3 Bd1 55. Kf2 Kb5 56. Ke3 Kc4 57. Kf4 Kb5 58. Bf8 Kc4 59. Ke3 Kb5 60.
f4 Kc4 61. Be7 Ba4 62. Kf2 Bc6 63. Kg1 Bf3 64. Bd6 Bd1 65. Kg2 Bg4 66. Bf8 Kb5
67. Kf2 Kc4 68. Ke3 Bd1 1/2-1/2